[Event "Dhaka Al Mahmud Memorial"]
[Site "Dhaka"]
[Date "2022.02.05"]
[Round "1"]
[White "Ghosh, Chanchal Kumer"]
[Black "Md Nurul Islam, Mahin"]
[Result "1/2-1/2"]
[WhiteElo "2074"]
[BlackElo "1688"]
[PlyCount "137"]
[EventDate "2022.02.05"]
[EventType "swiss"]
[EventRounds "9"]
[EventCountry "BAN"]
[SourceTitle "EXT 2023"]
[Source "ChessBase"]
[SourceDate "2022.10.05"]
[SourceVersion "1"]
[SourceVersionDate "2022.10.05"]
[SourceQuality "1"]

1. e4 e5 2. Nf3 Nf6 3. Nxe5 d6 4. Nf3 Nxe4 5. Qe2 Qe7 6. d3 Nf6 7. Be3 Nd5 8. g3 Nxe3 9. fxe3 Bg4 10. Bg2 c6 11. Nc3 g6 12. h3 Bxf3 13. Qxf3 Bg7 14. 0-0 0-0 15. Rae1 Nd7 16. d4 d5 17. Kh1 Qb4 18. e4 dxe4 19. Nxe4 Qxd4 20. Rd1 Ne5 21. Nf6+ Bxf6 22. Qxf6 Qxb2 23. Rb1 Qc3 24. Rxb7 Rae8 25. Be4 Qxg3 26. Rb3 Nd7 27. Qxc6 Qe5 28. Bg2 Nc5 29. Rb5 Rc8 30. Qf3 a6 31. Rb4 Ne6 32. c4 Rc5 33. Rb7 Nd4 34. Qf2 Nf5 35. Re1 Qd6 36. Bd5 Rxd5 37. cxd5 Qxd5+ 38. Qg2 Qa5 39. Reb1 Qe5 40. R7b3 h5 41. Rd3 h4 42. Rd5 Ng3+ 43. Kg1 Qe3+ 44. Kh2 Re8 45. Qd2 Qe4 46. Rd8 Qxb1 47. Rxe8+ Kh7 48. Qd5 Qc2+ 49. Qg2 Qd1 50. Qa8 Qd2+ 51. Qg2 Qd1 52. Qa8 Qd2+ 53. Kg1 Qd4+ 54. Kg2 Qb2+ 55. Kf3 Qf6+ 56. Ke3 Qc3+ 57. Kf2 Qf6+ 58. Ke3 Nf5+ 59. Kd3 Qd4+ 60. Ke2 Qb2+ 61. Kf1 Ng3+ 62. Kg1 Qb1+ 63. Kh2 Qxa2+ 64. Qg2 Qa1 65. Re7 Nf1+ 66. Kh1 Ng3+ 67. Kh2 Nf1+ 68. Kh1 Ng3+ 69. Kh2 1/2-1/2

[Event "Dhaka op"]
[Site "Dhaka"]
[Date "2016.06.27"]
[Round "4"]
[White "Md Nurul Islam, Mahin"]
[Black "Md Abzid, Rahman"]
[Result "0-1"]
[WhiteElo "1867"]
[BlackElo "2068"]
[PlyCount "52"]
[EventDate "2016.06.24"]
[EventType "swiss"]
[EventRounds "9"]
[EventCountry "BAN"]
[SourceTitle "EXT 2017"]
[Source "ChessBase"]
[SourceDate "2016.10.25"]
[SourceVersion "1"]
[SourceVersionDate "2016.10.25"]
[SourceQuality "1"]

1. e4 e5 2. Nf3 Nc6 3. Bb5 a6 4. Ba4 Nf6 5. 0-0 Be7 6. c3 b5 7. Bb3 0-0 8. d4 d6 9. Bd5 Bd7 10. dxe5 dxe5 11. Re1 Bd6 12. Bg5 Rb8 13. Nbd2 Qe7 14. Kh1 Nd8 15. Nxe5 Bxe5 16. f4 Bxf4 17. Bxf4 Ne6 18. Bg3 Rbd8 19. h4 Bc8 20. Qf3 c6 21. Bb3 Rxd2 22. e5 c5 23. exf6 Qd7 24. Bxe6 fxe6 25. Rad1 Rd5 26. Rxd5 Qxd5 0-1